নির্বাচিত উপন্যাস / (Record no. 10392)
[ view plain ]
| 000 -LEADER | |
|---|---|
| fixed length control field | 00671nam a22002297a 4500 |
| 001 - CONTROL NUMBER | |
| JCCL Control Number | 10392 |
| 003 - CONTROL NUMBER IDENTIFIER | |
| JCCL marc code | BD-JhCC |
| 005 - DATE AND TIME OF LATEST TRANSACTION | |
| control field | 20230613200710.0 |
| 008 - FIXED-LENGTH DATA ELEMENTS--GENERAL INFORMATION | |
| fixed length control field | 180425b2015 bg ||||| |||| 00| 0 eng d |
| 020 ## - INTERNATIONAL STANDARD BOOK NUMBER | |
| International Standard Book Number | 9789849118947 |
| 035 ## - SYSTEM CONTROL NUMBER | |
| system control number | (BD-JhCC)10392 |
| 040 ## - CATALOGING SOURCE | |
| Original cataloging agency | BD-JhCC |
| Modifying agency | BD-JhCC |
| 041 ## - LANGUAGE CODE | |
| Language code of Book | ben |
| 082 ## - DEWEY DECIMAL CLASSIFICATION NUMBER | |
| Classification number | 891.443 |
| Author mark and Year | MIL 2015 |
| 100 ## - MAIN ENTRY--PERSONAL NAME | |
| Personal name | মিলন, ইমদাদুল হক |
| 245 ## - TITLE STATEMENT | |
| Title | নির্বাচিত উপন্যাস / |
| Statement of responsibility, etc | ইমদাদুল হক মিলন, |
| 260 ## - PUBLICATION, DISTRIBUTION, ETC. (IMPRINT) | |
| Place of publication, distribution, etc | ঢাকা : |
| Name of publisher, distributor, etc | অনন্যা, |
| Date of publication, distribution, etc | 2015. |
| 300 ## - PHYSICAL DESCRIPTION | |
| Pagination | 831 p. : |
| Dimensions | 25 cm. |
| 650 ## - SUBJECT ADDED ENTRY--TOPICAL TERM | |
| Topical term or geographic name as entry element | Collection Of Novel |
| 942 ## - ADDED ENTRY ELEMENTS (KOHA) | |
| Source of classification or shelving scheme | Dewey Decimal Classification |
| Koha item type | Books |
| Koha issues (borrowed), all copies | 4 |
| Source of classification or shelving scheme | Damaged status | Not for loan | Home library | Current library | Shelving location | Date of accession | Cost, normal purchase price | Total Checkouts | Full call number | Barcode | Date last seen | Date checked out | Copy number | Koha item type | Method of acquisition | Currency |
|---|---|---|---|---|---|---|---|---|---|---|---|---|---|---|---|---|
| Dewey Decimal Classification | JCC Rouf Library | JCC Rouf Library | General Stacks | 05/10/2023 | 1500.00 | 6 | 891.443 MIL 2015 | 13546 | 08/10/2025 | 08/07/2025 | C-1 | Books | ||||
| Dewey Decimal Classification | JCC Rouf Library | JCC Rouf Library | General Stacks | 08/12/2018 | 1500.00 | 5 | 891.443 MIL 2015 | 14530 | 01/21/2025 | 12/11/2024 | C-2 | Books | Purchase | BDT |